| 000 | 01026nam a2200265 a 4500 | ||
|---|---|---|---|
| 001 | 000013145 | ||
| 005 | 20200929163142.0 | ||
| 008 | 091120s2007 dr a 000 0 spa d | ||
| 020 | _a9945400177 (v. 1) | ||
| 020 | _a9945400185 (v. 2) | ||
| 020 | _a9945400193 (v .3) | ||
| 040 |
_aDO-SdBNP _bspa _cBNPHU |
||
| 082 |
_axxxx _bC965c |
||
| 100 | 1 |
_aCuello Orbe, Elisa Ysabel del, _929584 |
|
| 245 | 1 | 0 |
_aCapullito : _beducación inicial / _cCuello del Orbe Elisa Ysabel ; ilustraciones Ramón L. Sandoval. |
| 250 | _aEdición revisada 2007 | ||
| 260 |
_aSanto Domingo : _bActualidad escolar 2000, _c2007. |
||
| 300 |
_a4 v. : _bil. ; _c21 cm. |
||
| 490 | 1 | _aRenacer | |
| 500 | _aLa biblioteca solamente posee los ejemplares 1, 2 y 3. | ||
| 505 | 0 |
_av. : _tMi escuela -- _tMi persona -- _tLas plantas, los alimentos y los animales -- _tLa comunidad local, nacional y el planeta tierra -- _tFestividades nacionales -- |
|
| 500 | _aEducación inicial | ||
| 700 | 1 |
_aSandoval, Ramón L., _eil. _929585 |
|
| 830 | 0 |
_aRenacer _920494 |
|
| 999 |
_c12785 _d12785 |
||